Quizzes
Events
Quiz Creation
Community
Videos
Private Events
Remove Ads
Sign In
Join for FREE
Feedback
Dark Mode
Quiz Categories
Sports
Geography
Music
Movies
Television
Just For Fun
Miscellaneous
History
Literature
Language
Science
Gaming
Entertainment
Religion
Holiday
For Kids
Quiz Lab
Recent
Popular Today
Quiz Kudos Today
Editor Picks
Curator Picks
Quizzes by...
Day
Popularity
Type
Ratings
Length
Year
Community
Subscriptions
Recent Discussions
Orange Saloon
Badges
Playlists
Quests
Create
Leaderboards
Showdown
Live 5
Trivia Bingo
Activity
Puzzle Library
Sporcle Events
Private Events
Virtual Trivia
Globe League
Become a Host
Pub Owners
SporcleCon
Opinionation
Our Games
Videos
Blog
Mobile Apps
Partnerships
Remove Ads and Go Orange
Feedback
Movies
Disney
Marvel Cinematic Universe
Movie Resume
Movie Titles
Oscar
Actor
Actress
Director
Pixar
Role
Movie Quotes
Movie Characters
Box Office
Nominee
Best Picture
Star Wars
James Bond
Horror Movies
Movies
Disney
Marvel Cinematic Universe
Movie Resume
Movie Titles
Oscar
Actor
Actress
Director
Pixar
Role
Movie Quotes
Movie Characters
Box Office
Nominee
Best Picture
Star Wars
James Bond
Horror Movies
Random Quiz
Search Sporcle
×
Quiz Lab
Quiz Lab
Movies
Actress
Type in answers that appear in a list
Type in answers that appear in a list
Classic
Best Score? Go Orange.
Actors/Actresses First Roles Stats
Can you name the performer who debuted in these films with their first credited (or generally recognized) theatrical ?
By
alanlit96
20m
200 Questions
241 Plays
241 Plays
241 Plays
Comments
Comments
Give Quiz Kudos
Give Quiz Kudos
-
- Ratings
hide this ad
Random Order
Randomize order of answers
Randomize order of answers
Replay
Link that replays current quiz
Next Quiz
Link to next quiz in quiz playlist
You Got
0%
They Got
Avg Score
34%
Avg Friend Score
Upgrade to see
Score Distribution
Jump to the score distribution portion of the page
Score
0/200
Timer
20:00
0
Plays Today
Film
Actor/Actress
% Correct
Animal House
Kevin Bacon
73.4%
Popeye
Robin Williams
69.3%
48 Hrs.
Eddie Murphy
63.9%
Endless Love
Tom Cruise
63.1%
Julia
Meryl Streep
62.2%
Happy Land
Natalie Wood
61.8%
He Knows You're Alone
Tom Hanks
61.4%
Greetings
Robert DeNiro
61%
Satisfaction
Julia Roberts
60.6%
What's New Pussycat
Woody Allen
60.6%
Taps
Sean Penn
60.2%
Lovers and Other Strangers
Diane Keaton
59.8%
Mary Poppins
Julie Andrews
59.3%
Critters 3
Leonardo DiCaprio
59.3%
The Princess Diaries
Anne Hathaway
58.9%
Leprechaun
Jennifer Aniston
58.9%
Altered States
Drew Barrymore
58.5%
Me, Natalie
Al Pacino
57.7%
Mystic Pizza
Matt Damon
57.3%
No Man's Land
Brad Pitt
57.3%
The Mask
Cameron Diaz
56.4%
Love Story
Tommy Lee Jones
56.4%
Where the Day Takes You
Will Smith
56%
Dead Heat on a Merry-
Go-
Round
Harrison Ford
56%
Copper Mountain
Jim Carrey
55.6%
The Goonies
Josh Brolin
55.6%
Halloween
Jamie Lee Curtis
54.8%
Blind Date
Bruce Willis
54.4%
Meatballs
Bill Murray
53.5%
Tall Story
Robert Redford
53.1%
East of Eden
James Dean
53.1%
A Bill of Divorcement
Katharine Hepburn
53.1%
One Wild Oat
Audrey Hepburn
52.3%
Bottle Rocket
Owen Wilson
51.5%
A Nightmare on Elm Street
Johnny Depp
51.5%
The Tiger Makes Out
Dustin Hoffman
51.5%
The Cry Baby Killer
Jack Nicholson
51.5%
The Safety of Objects
Kristen Stewart
50.2%
The Murder Man
Jimmy Stewart
50.2%
Italian Stallion (The Party at Kitty and Stud's)
Sylvester Stallone
49.8%
To Kill a Mockingbird
Robert Duvall
49.8%
Leon (The Professional)
Natalie Portman
49.4%
The Silver Chalice
Paul Newman
49%
The Yin and the Yang of Mr. Go
Jeff Bridges
49%
Heavenly Creatures
Kate Winslet
48.5%
Hot Pursuit
Ben Stiller
47.7%
Fast Times at Ridgemont High
Nicolas Cage
47.7%
The Men
Marlon Brando
47.7%
Return to Horror High
George Clooney
47.3%
Lookin' to Get Out
Angelina Jolie
46.9%
Carbon Copy
Denzel Washington
46.9%
The Farmer Takes a Wife
Henry Fonda
46.5%
The Man in the Moon
Reese Witherspoon
45.2%
Funny Girl
Barbara Streisand
45.2%
Citizen Kane
Orson Welles
45.2%
Napoleon and Samantha
Jodie Foster
44.8%
Joe
Susan Sarandon
44.8%
Hail, Hero!
Michael Douglas
44.8%
The Strange Love of Martha Ivers
Kirk Douglas
44.8%
Choices
Demi Moore
44.4%
Revenge of the Creature
Clint Eastwood
44%
Slaughterhouse II
Julianne Moore
43.6%
The Devil's Rain
John Travolta
43.2%
Up the River
Spencer Tracy
43.2%
Gandhi
Daniel Day-Lewis
42.7%
This is the Night
Cary Grant
41.9%
Dangerous Years
Marilyn Monroe
41.5%
Film
Actor/Actress
% Correct
Sgt. Pepper's Lonely Hearts Club Band
Steve Martin
41.5%
The Bad Sister
Bette Davis
41.5%
Bush Christmas
Nicole Kidman
41.1%
Chasing Dreams
Kevin Costner
40.7%
The Big Trail
John Wayne
40.7%
They Won't Forget
Lana Turner
40.7%
Body Heat
Kathleen Turner
40.7%
Going Overboard
Adam Sandler
39.4%
Jungle Fever
Halle Berry
39%
Lilith
Gene Hackman
38.6%
Guns of Diablo
Kurt Russell
38.6%
Pound
Robert Downey Jr.
38.6%
Summer City
Mel Gibson
38.2%
City Slickers
Jake Gyllenhaal
37.8%
Hercules in New York
Arnold Schwarzenegger
37.8%
Heartburn
Kevin Spacey
37.8%
The Winning of Barbara Worth
Gary Cooper
36.5%
The World According to Garp
Glenn Close
36.1%
Blood Oath
Russell Crowe
36.1%
The Way West
Sally Field
35.7%
Annie Hall
Sigourney Weaver
35.7%
The Last Picture Show
Cybill Shepherd
35.7%
Primal Fear
Edward Norton
35.7%
No Road Back
Sean Connery
35.3%
Sophie's Choice
Kevin Kline
35.3%
Class
John Cusack
35.3%
Splendor in the Grass
Warren Beatty
35.3%
Top Secret!
Val Kilmer
34.9%
Pigskin Parade
Judy Garland
34.9%
Lucas
Winona Ryder
34.4%
This Boy's Life
Tobey Maguire
34%
The White Bus
Anthony Hopkins
33.6%
Rudy
Vince Vaughn
32.8%
One Step Away
Keanu Reeves
32.8%
Stardust Memories
Sharon Stone
32.4%
Men Seeking Women (The Bet)
Will Ferrell
32.4%
Days of Glory
Gregory Peck
32.4%
Desert Blue
Kate Hudson
32%
Places in the Heart
John Malkovich
32%
The Bonfire of the Vanities
Kirsten Dunst
31.5%
Shout
Gwyneth Paltrow
31.5%
Report to the Commissioner
Richard Gere
31.1%
Clowning Around
Heath Ledger
30.7%
There's One Born Every Minute
Elizabeth Taylor
30.7%
No Way Out
Sidney Poitier
30.3%
Dirty Little Billy
Nick Nolte
30.3%
Hangmen
Sandra Bullock
29.9%
Wuthering Heights
Ralph Fiennes
29.9%
A Hill in Korea
Michael Caine
29.9%
The Daughter of Rosie O'Grady
Debbie Reynolds
29.9%
Me and My Brother
Christopher Walken
29.5%
White Man
Clark Gable
29.5%
The Burning
Holly Hunter
29.5%
Fearless Frank
Jon Voight
29%
Skatetown, U.S.A.
Patrick Swayze
29%
Reality Bites
Renee Zellweger
28.6%
The Hollywood Knights
Michelle Pfeiffer
28.6%
Drop Dead Gorgeous
Amy Adams
28.6%
Who Says I Can't Ride a Rainbow
Morgan Freeman
28.6%
Things Are Looking Up
Vivien Leigh
28.6%
The One and Only, Genuine, Original Family Band
Goldie Hawn
28.2%
A Little Romance
Diane Lane
27.8%
Great Expectations
Alec Guinness
27.8%
2 Days in the Valley
Charlize Theron
27.4%
King Kong
Jessica Lange
27.4%
Renaissance Man
Mark Wahlberg
27.4%
Buffy the Vampire Slayer
Hilary Swank
26.1%
Film
Actor/Actress
% Correct
The Temporary Widow
Laurence Olivier
25.3%
I Never Promised You a Rose Garden
Dennis Quaid
24.9%
For Me and My Gal
Gene Kelly
24.9%
Paperback Hero
Hugh Jackman
24.5%
Night Moves
Melanie Griffith
24.5%
Innocent Lies
Keira Knightley
24.1%
Fourteen Hours
Grace Kelly
24.1%
Jamon, Jamon
Penelope Cruz
23.7%
Donnie Darko
Seth Rogen
23.2%
North
Scarlett Johansson
22.8%
The Tailor of Panama
Daniel Radcliffe
22.8%
Over the Edge
Matt Dillon
22.4%
The Trouble With Harry
Shirley MacLaine
22.4%
Witness
Viggo Mortensen
22%
It Should Happen to You
Jack Lemmon
22%
Rich and Famous
Meg Ryan
21.2%
Mermaids
Christina Ricci
21.2%
Being Human
Ewan McGregor
20.3%
Rebel Without a Cause
Dennis Hopper
20.3%
Once Upon a Time in America
Jennifer Connelly
19.9%
Reveille with Beverly
Frank Sinatra
19.9%
Every Picture Tells a Story
Natasha Richardson
19.9%
Herostratus
Helen Mirren
19.5%
Camp Nowhere
Jessica Alba
19.1%
Ulee's Gold
Jessica Biel
19.1%
Nijinsky
Jeremy Irons
19.1%
Henry V
Kenneth Branagh
19.1%
Somebody Up There Likes Me
Steve McQueen
19.1%
Prime Cut
Sissy Spacek
19.1%
1941
Mickey Rourke
18.7%
Kiss Daddy Goodnight
Uma Thurman
18.3%
The Ice Storm
Katie Holmes
17.8%
The Killers
Burt Lancaster
17.8%
Pretty Ladies
Joan Crawford
17.4%
Peer Gynt
Charlton Heston
16.2%
The Count of the Old Town (Munkbrogreven)
Ingrid Bergman
15.8%
The Last Days of Dolwyn
Richard Burton
14.9%
Hard Country
Kim Basinger
14.5%
The Great Outdoors
Annette Bening
14.5%
Mr. and Mrs. Stockholm
Greta Garbo
14.5%
My Boyfriend's Back
Matthew McConaughey
14.1%
Kidnapped
Peter O'Toole
14.1%
Hurry Sundown
Faye Dunaway
14.1%
Sinner's Holiday
James Cagney
13.7%
Don't Bother to Knock
Anne Bancroft
13.3%
Golden Boy
William Holden
12.9%
Tempest
Molly Ringwald
12.4%
The Flamingo Kid
Marisa Tomei
11.6%
Il Voto
Sophia Loren
11.6%
Behind the Mask
Vanessa Redgrave
10%
License to Drive
Heather Graham
8.7%
Alibi Ike
Olivia de Havilland
8.3%
The Entertainer
Albert Finney
8.3%
That Night
Katherine Heigl
7.9%
Foxes
Laura Dern
7.9%
Marion Bridge
Ellen Page
7.9%
The Fast Lady
Julie Christie
7.1%
Liberty Belle
Juliette Binoche
7.1%
John Paul Jones
Mia Farrow
6.6%
Lorenzo's Oil
Laura Linney
6.6%
Under the Pampas Moon
Rita Hayworth
6.2%
Slumber Party '57
Debra Winger
6.2%
Major Barbara
Deborah Kerr
5.8%
The Dangerous Lives of Altar Boys
Emile Hirsch
5.4%
Les Collegiennes (The Twilight Girls)
Catherine Deneuve
3.7%
Kuffs
Ashley Judd
3.3%
Quiz Playlist
Details
Report
Send in Message
Add To Playlist
Classic:
Type in answers that appear in a list
Random Order:
Randomize order of answers
Last Updated: Feb 16, 2017
Quiz Scoreboard
CHALLENGE
Sign Up to Join the Scoreboard
Show All
Scores
Hide
Comments
May contain spoilers
Recently Published
NBA Finals Game Top Scorers (2010s)
by flibbidy
Sports
5m
Guess the 'R' Things in 3 Words
by MSUKent
Miscellaneous
3m
Actor to Badly Drawn Movie III
by MoMosMoProblems
Movies
5m
More to Explore
Quiz From the Vault
Featured Blog Post
Where Does Lost Luggage Go?
hide this ad
You Might Also Like...
Tags
Actor Quiz
Actress Quiz
Role Quiz
Credited
Debuted
Performer
Recognized
theatrical
Today's Top Quizzes in Movies
Browse Movies
hide this ad
Today's Top Quizzes in Actress
Browse Actress
Top Contributed Quizzes in Movies
1
Pixar Reveal II
2
How Long Is the Movie Title?
3
Pixar Reveal III
4
10 Quentin Tarantino Movies in Order
5
Adjectives in 00s Movies
6
Pixar Reveal IV
7
Movie Stars Gone to the Dogs
8
Adjectives in 10s Movies
9
Pixar Reveal V
10
Adjectives in 90s Movies
Explore More
Trending Topics
Anime
NBA
Harry Potter
Kpop
Crossword
Disney
Marvel
Soccer
The Office
WWE
Pokémon
Puzzle
NFL
Song
Country
hide this ad
More By:
alanlit96
Quiz
Plays
Rating
Category
Featured
Created
NFL-Green Bay Packers Career Leaders
2,865
4.63
Sports
Dec 31, 2009
NFL-Kansas City Chiefs Career Leaders
999
4.75
Sports
Dec 30, 2009
NFL-Cleveland Browns Career Leaders
932
5.00
Sports
Jan 6, 2010
MLB Decade Leaders/Stolen Bases
775
4.60
Sports
Oct 8, 2009
MLB Home Runs--Not With a Whimper
696
4.27
Sports
Oct 23, 2009
Go to Creator's Profile
Score Distribution
Quiz Creator Spotlight
alanlit96
Follow
Send a Message
Quizzes Created
-
Created Quiz Play Count
-
More By This Creator
Popular Quizzes Today
1
Find the US States - No Outlines Minefield
2
Find the US States
3
The Countries of the World
4
10 Largest US States in Order
5
Find the Countries of Europe - No Outlines Minefield
6
US States
7
Guess the 'R' Things in 3 Words
8
NBA Finals Game Top Scorers (2010s)
More Movies Quizzes
Missing Word: 100 H Words in Movie Titles
Quiz Lab
Trending Quizzes
First Name TV: Leading Men
Match the Book to the Film II
First Name TV: Leading Women Drama
3-Word Movies in 1 Word II
Match the Book to the Film VI
Recently Updated
Women's Final Four Teams by Year
bhenderson79
Presidents Quartet II
eogle
Anything But Clue(do)
eogle
Anything But Oceanian Capitals
eogle
Anything But 7
eogle
Anything But Thing
eogle
Word Ladder: February 29
pecheneg
Song Title Questions
pecheneg
Women's NCAA Tournament #1 Seeds
pecheneg
Celebrity Mug Shots
pecheneg
Trending Topics
Anime
Harry Potter
Kpop
Marvel
Disney
NBA
Crossword
Pokémon
Puzzle
Song
The Office
Country
NFL
Soccer
WWE
Your Account Isn't Verified!
In order to create a playlist on Sporcle, you need to verify the email address you used during registration. Go to your
Sporcle Settings
to finish the process.
Report this User
Report this user for behavior that violates our
Community Guidelines
.
Details:
Send Report
Go to the Sporcle.com Mobile Site →
Comments